000 00265nam a2200121Ia 4500
005 20251222144837.0
008 251222s9999||||xx |||||||||||||| ||spa||
020 _a158090
082 _a726.785/P87
245 0 _aSanta Catalina:
264 _bFlyleaf
942 _cLIB
999 _c21067
_d21067